Vie de Goethe / (Record no. 84152)

MARC details
000 -LEADER
campo de control de longitud fija 00357nam a2200145 i 4500
001 - NÚMERO DE CONTROL
campo de control 84152
003 - IDENTIFICADOR DE NÚMERO DE CONTROL
campo de control ES-MaACL
007 - CAMPO FIJO DE DESCRIPCIÓN FÍSICA--INFORMACIÓN GENERAL
campo de control de longitud fija t|
008 - DATOS DE LONGITUD FIJA--INFORMACIÓN GENERAL
campo de control de longitud fija 041119s1933 fr ||||1| fre d
100 1# - ENTRADA PRINCIPAL--NOMBRE DE PERSONA
Nombre de persona Jaloux, Edmond.
9 (RLIN) 65955
245 10 - MENCIÓN DEL TÍTULO
Título Vie de Goethe /
Mención de responsabilidad, etc. Edmond Jaloux.
260 ## - PUBLICACIÓN, DISTRIBUCIÓN, ETC.
Lugar de publicación, distribución, etc. Paris :
Nombre del editor, distribuidor, etc. Plon,
Fecha de publicación, distribución, etc. 1933.
300 ## - DESCRIPCIÓN FÍSICA
Extensión 271 p. ;
Dimensiones 20 cm.
852 ## - LOCALIZACIÓN
Ubicación ES-MaACL
Número de control de estantería B-7760
Holdings
Estatus retirado Estado de pérdida Estado de daño No para préstamo Biblioteca de origen Biblioteca actual Ubicación en estantería Fecha de adquisición Fuente de adquisición Total de préstamos Signatura topográfica completa Código de barras Visto por última vez Precio de reemplazo Tipo de ítem Koha
        Biblioteca del Ateneo de Madrid Biblioteca del Ateneo de Madrid Sala Pardo Bazán 17/01/2008     B-7760 1087947 23/02/2023 23/02/2023 Libro impreso